1843 1102 1019 1689 1819 1686 1794 1142 1493 1911 1501 1024 1789 1180 1407 1546 1560 1326 1583 1121 1789 1157 1410 1910 1568 1689 1661 1823 1392 1336 1909 1049 1530 1047 1391 1514 1976 1761 1971 1287 1490 1608 1690 1600 1434 1881 1818 1811 1305 1459 1027 1876 1644 1388 1306 1154 1652 1948 1192 1424 1484 1969 1235 1649 1638 1236 1081 1668 1749 1341 1732 1852 1256 1725 1348 1074 1454 1133 1823 1229 1891 1125 1578 1698 1850 1381 1534 1964 1033 1238 1838 1213 1356 1981 1129 1639 1676 1993 1558 BCNSPRNW ULIB Ver.6.0+V

เปลี่ยนเป็นภาษาไทย

Change to English
 แสดงรายละเอียดบรรณานุกรม
  กลับหน้าหลัก

Brief Record : Get Marc (ISO 2709) : E-mail record : QR code < ปิดหน้าต่าง
LEADER : 00000nam 2200000uu 4500
001    13399113511
003     ULIB
008    110627s2550||||th 000 0 tha d
020    9789749450024
090    นว.^bA111ซ ล.2 2550
100 0  Angie Sage
245 00 เซ็ปติมัส ฮีป ปาฏิหาริย์หมายเลขเจ็ด 2/^cAngie Sage
250    พิมพ์ครั้งที่ 2
260    กรุงเทพฯ :^bนานมีบุ๊คส์,^c2550
300    295 หน้า
710 1  นานมีบุ๊คส์
945    ^p295^l0^i022069
995    ทศพร
999 ^a ใช้งานได้ทุกระบบ
รายการนี้ยังไม่มีแท็ก
คุณยังไม่ได้ล็อกอิน คุณสามารถมีกิจกรรมร่วมกับเว็บไซต์ได้ แต่ต้องล็อกอินก่อน ::
  ล็อกอิน

รายการสื่อสารสนเทศ

ลำดับที่ ประเภท เลขเรียก/บาร์โค้ด สถานที่ สถานะ
1. นวนิยาย
นวนิยาย
นว. A111ซ ล.2 2550 ฉ.1 
  Barcode: 022069
ห้องสมุดวิทยาเขตสวรรค์ประชารักษ์
►นวนิยาย
บนชั้น
  ขอยืม

รายการใกล้เคียง
    ผู้แต่ง [Angie Sage]

BibComment


ยังไม่เคยถูกคอมเมนท์

คอมเมนท์ทรัพยากรรายการนี้
  คอมเมนท์: เซ็ปติมัส ฮีป ปาฏ..


 Copyright 2026. Bcnsprnw @Library